LEADER 01703oam 2200421Ia 450 001 9910696716103321 005 20080717083839.0 035 $a(CKB)5470000002381714 035 $a(OCoLC)68212577 035 $a(EXLCZ)995470000002381714 100 $a20060505d2003 ua 0 101 0 $aeng 135 $aurbn||||||||| 181 $ctxt$2rdacontent 182 $cc$2rdamedia 183 $acr$2rdacarrier 200 10$aDouglas-fir beetle surveys of the fires of 2000 in the Northern Region$b[electronic resource] $eForest Health Protection, spring 2003 /$fBeverly M. Bulaon 210 1$aMissoula, MT :$cU.S. Dept. of Agriculture, Forest Service, Northern Region, Forest Health Protection,$d[2003] 215 $a10 unnumbered pages $cdigital, PDF file 225 1 $aReport ;$v03-2 300 $aTitle from title screen (viewed on May 5, 2006) 300 $a"February 2003." 320 $aIncludes bibliographical references (page [10]). 517 $aDouglas-fir beetle surveys of the fires of 2000 in the Northern Region 606 $aDouglas fir beetle$zMontana$xGeographical distribution 606 $aDouglas fir beetle$zIdaho$xGeographical distribution 615 0$aDouglas fir beetle$xGeographical distribution. 615 0$aDouglas fir beetle$xGeographical distribution. 700 $aBulaon$b Beverly$01414629 712 02$aUnited States.$bForest Service.$bNorthern Region.$bState & Private Forestry.$bForest Health Protection. 801 0$bAGL 801 1$bAGL 801 2$bAGL 801 2$bGPO 906 $aBOOK 912 $a9910696716103321 996 $aDouglas-fir beetle surveys of the fires of 2000 in the Northern Region$93535653 997 $aUNINA